|
|
|
|
| LEADER |
00714nas a2200181 i 4500 |
| 001 |
misc74793 |
| 005 |
20240620150010.0 |
| 008 |
240618s1926 hu n o 000 hun d |
| 040 |
|
|
|a SZTE Miscellanea Repozitórium
|b hun
|
| 041 |
|
|
|a hun
|
| 245 |
0 |
0 |
|a Pesti Napló
|h [elektronikus dokumentum] :
|b ingyenes képes műmelléklet : 1926. június 20.
|
| 260 |
|
|
|a Athenaeum Nyomda
|b Budapest
|c 1926
|
| 300 |
|
|
|a 3
|
| 490 |
0 |
|
|a Pesti Napló
|
| 650 |
|
4 |
|a Bölcsészettudományok
|
| 650 |
|
4 |
|a Művészetek (művészetek, művészettörténet, előadóművészetek, zene)
|
| 695 |
|
|
|a Fotóművészet - magyar - folyóirat
|
| 856 |
4 |
0 |
|u http://misc.bibl.u-szeged.hu/74793/1/pesti_naplo_kepes_melleklet_1926_06_20.pdf
|z Dokumentum-elérés
|